000 00561cam a22001814a 4500
005 20250605164357.0
008 250528s ||||||||||||||||||||||||d
035 _a24381
040 _aGR-AtMCL
_bgre
_dGR-AtMCL
_eAACR2
245 1 _aAramco World
260 _bAramco Services Company,
_c2017
300 _a40
520 _aThe Place of Many Fish, Small American Town and Big Algerian Legacy, Rousseau's Turban, Cracking Coconut's History, Sayyida Al-Hurra.
700 1 _aAbul Hamayel Basil A.
_99456
942 _cCR
999 _c9269
_d9269